[Event "Giovanni Pico Cup 7th"]
[Site "Mirandola"]
[Date "2014.01.12"]
[Round "4"]
[White "Cartegni, Aldo Jose"]
[Black "Lambruschi, Daniele"]
[Result "1-0"]
[WhiteElo "1447"]
[BlackElo "1482"]
[PlyCount "89"]
[EventDate "2014.01.10"]
[EventType "swiss"]
[EventRounds "5"]
[EventCountry "ITA"]
[SourceTitle "EXT 2015"]
[Source "ChessBase"]
[SourceDate "2014.11.20"]
[SourceVersion "1"]
[SourceVersionDate "2014.11.20"]
[SourceQuality "1"]

1. d4 Nf6 2. Nf3 d5 3. e3 e6 4. Bd3 Bd6 5. 0-0 0-0 6. b3 Nc6 7. Bb2 Nb4 8. Be2 Re8 9. a3 Nc6 10. Ne5 Nd7 11. Nxc6 bxc6 12. f4 Nf6 13. Bd3 a5 14. c4 Ba6 15. Nd2 Qd7 16. Rf3 Rab8 17. Qc2 Ne4 18. Rh3 Nxd2 19. Bxh7+ Kf8 20. Qxd2 Rxb3 21. c5 Be7 22. Bc2 Bf6 23. Bxb3 Ke7 24. Bc2 Rg8 25. Bc3 g5 26. Bxa5 Bc8 27. Rg3 g4 28. h3 Bh4 29. Rxg4 Rh8 30. Rb1 Kf8 31. e4 dxe4 32. Bc3 f5 33. d5 Rh6 34. Bg7+ Ke8 35. Bxh6 fxg4 36. hxg4 exd5 37. f5 Qe7 38. Qe3 Bf6 39. Rb8 Kd7 40. g5 Be5 41. f6 Qe6 42. Qh3 Qxh3 43. gxh3 Bd4+ 44. Kg2 e3 45. Bf5+ 1-0

[Event "Giovanni Pico Cup 7th"]
[Site "Mirandola"]
[Date "2014.01.11"]
[Round "2"]
[White "Khudovekov, Nikolay"]
[Black "Lambruschi, Daniele"]
[Result "1-0"]
[WhiteElo "1733"]
[BlackElo "1482"]
[PlyCount "77"]
[EventDate "2014.01.10"]
[EventType "swiss"]
[EventRounds "5"]
[EventCountry "ITA"]
[SourceTitle "EXT 2015"]
[Source "ChessBase"]
[SourceDate "2014.11.20"]
[SourceVersion "1"]
[SourceVersionDate "2014.11.20"]
[SourceQuality "1"]

1. d4 d5 2. Nf3 Nf6 3. e3 e6 4. Bd3 Nc6 5. 0-0 Be7 6. b3 0-0 7. Bb2 Nb4 8. Be2 Re8 9. Ne5 Nd7 10. f4 Nxe5 11. fxe5 c5 12. a3 Nc6 13. Bd3 Rf8 14. Nd2 Qb6 15. Nf3 c4 16. Be2 cxb3 17. cxb3 Bd7 18. b4 Rac8 19. Bd3 Nd8 20. Qe2 Ba4 21. Rac1 Rxc1 22. Rxc1 h6 23. Kh1 Bd7 24. Nd2 Nc6 25. Nb3 Qd8 26. Nc5 b6 27. Nxd7 Qxd7 28. Bb5 Rc8 29. Qc2 a6 30. Bxa6 Na7 31. Bxc8 Qb5 32. Qc7 Qe2 33. Qxe7 Qxb2 34. Qe8+ Kh7 35. Rg1 Qc3 36. Bd7 Qxa3 37. Qxf7 Qd3 38. Bxe6 Qg6 39. Qg8# 1-0